Cleanth Brooks : (Record no. 14826)

MARC details
000 -LEADER
fixed length control field 00928nam a22002417a 4500
005 - DATE AND TIME OF LATEST TRANSACTION
control field 20080811141834.0
008 - FIXED-LENGTH DATA ELEMENTS--GENERAL INFORMATION
fixed length control field 080811t xxu||||| |||| 00| 0 eng d
010 ## - LIBRARY OF CONGRESS CONTROL NUMBER
LC control number ENG-90718
020 ## - INTERNATIONAL STANDARD BOOK NUMBER
Terms of availability 475.00
International Standard Book Number 9788184350210
035 ## - SYSTEM CONTROL NUMBER
System control number EN-74251
037 ## - SOURCE OF ACQUISITION
Source of stock number/acquisition DBAD / PUB
040 ## - CATALOGING SOURCE
Original cataloging agency DPL
Language of cataloging ENGLISH
082 ## - DEWEY DECIMAL CLASSIFICATION NUMBER
Classification number 880.8
100 ## - MAIN ENTRY--PERSONAL NAME
Personal name Hajela, Sudheer Chandra
245 ## - TITLE STATEMENT
Title Cleanth Brooks :
Statement of responsibility, etc by Sudheer Chandra Hajela
Remainder of title theory and practice /
260 ## - PUBLICATION, DISTRIBUTION, ETC. (IMPRINT)
Place of publication, distribution, etc New Delhi
Name of publisher, distributor, etc Adhyayan Publishers & Distributors
Date of publication, distribution, etc 2007
300 ## - PHYSICAL DESCRIPTION
Extent xiv, 170p.
Dimensions 22 cm.(Hb)
500 ## - GENERAL NOTE
General note Includes bibliographical references and index
650 ## - SUBJECT ADDED ENTRY--TOPICAL TERM
Topical term or geographic name as entry element Criticism
General subdivision History
Chronological subdivision 20th century
Geographic subdivision United states
600 ## - SUBJECT ADDED ENTRY--PERSONAL NAME
Personal name Brooks, Cleanth, 1906-1994
942 ## - ADDED ENTRY ELEMENTS (KOHA)
Source of classification or shelving scheme Dewey Decimal Classification
Koha item type English Books
Classification part 880.8
Call number suffix HAJ
Holdings
Withdrawn status Lost status Damaged status Not for loan Collection code Home library Current library Date acquired Source of acquisition Cost, normal purchase price Total Checkouts Full call number Barcode Date last seen Cost, replacement price Price effective from Koha item type
      Not For Loan Non-fiction D.B.Act.Division D.B.Act.Division 13/08/2008 DBAD / PUB 475.00   880.8 HAJ EN-74251 15/09/2008 475.00 15/09/2008 English Books

© Delhi Public Library
Hit Counter
free hit counter